[Event "27th Gniota Memorial"]
[Site "Police POL"]
[Date "2012.07.17"]
[Round "7.10"]
[White "Franzen,Joz"]
[Black "Smieszek,W"]
[Result "1-0"]
[WhiteElo "2304"]
[BlackElo "1809"]

1.e4 c5 2.Nf3 Nc6 3.Bb5 Qb6 4.Nc3 e6 5.O-O Nge7 6.Re1 a6 7.Bf1 Ng6 8.d3 Be7
9.g3 O-O 10.Bg2 Qc7 11.Be3 b5 12.Qd2 Bb7 13.a3 Rac8 14.h4 d6 15.h5 Nge5 16.Nh2 Nd4
17.f4 Nec6 18.Ng4 b4 19.Ne2 Nxe2+ 20.Rxe2 f5 21.Nh2 bxa3 22.Rxa3 Bf6 23.c3 Na5
24.Bf2 c4 25.d4 Nb3 26.Qe1 a5 27.g4 fxg4 28.Nxg4 Be7 29.Bg3 Qd7 30.Bh3 Rc7
31.Nf2 d5 32.Ra2 Bd6 33.e5 Be7 34.Ng4 h6 35.Ne3 Bc8 36.Kh2 Qe8 37.Bg4 Bd8
38.Rf2 g6 39.Qd1 g5 40.f5 exf5 41.Bxf5 Bxf5 42.Nxf5 Qe6 43.Ne3 Rxf2+ 44.Bxf2 Rf7
45.Bg3 Kf8 46.Qh1 Rd7 47.Qf3+ Kg8 48.Kg2 Kg7 49.Qf5 Qxf5 50.Nxf5+ Kf7 51.Nxh6+ Ke6
52.Ng4 Rh7 53.h6 Kf5 54.Kh3 Be7 55.Bf2 Bf8 56.Kg3 Ke6 57.Be3 Bxh6 58.Nf6 Rh8
59.Kg4 Bg7 60.Nh5 Bh6 61.Bxg5 Bxg5 62.Kxg5 Rg8+ 63.Kh6 Rg4 64.Nf6 Rg1 65.Ne8 Kd7
66.Ng7 Ke7 67.Nh5 Rf1 68.Kg5 Rf8 69.Nf4 Rg8+ 70.Kh6 Rh8+ 71.Kg7 Rd8 72.Ra4 Rd7
73.Ra3 Rd8 74.e6 Rd6 75.Kg6 Rd8 76.Kf5 Kd6 77.Ng6 Re8 78.e7 Rg8 79.Kf6 Kd7
80.Kf7 Rxg6 81.Kxg6 Kxe7 82.Kf5 Kd6 83.Kf6 Nd2 84.Rxa5 Ne4+ 85.Kf5 Nf2 86.Ra6+ Kd7
87.Ke5 Nd3+ 88.Kxd5 Nxb2 89.Ra7+ Kc8 90.Ra2  1-0

[Event "7th Nana Aleksandria Cup"]
[Site "Poti GEO"]
[Date "2012.07.17"]
[Round "5.14"]
[White "Beradze,I"]
[Black "Parvanyan,Alfred"]
[Result "1-0"]
[WhiteElo "2327"]
[BlackElo "1788"]

1.e4 c5 2.Nf3 Nc6 3.Bb5 g6 4.O-O Bg7 5.c3 Nf6 6.Re1 O-O 7.d3 a6 8.Bxc6 dxc6
9.Be3 Nd7 10.Qd2 Qc7 11.Bf4 Ne5 12.Nxe5 Bxe5 13.Bxe5 Qxe5 14.a4 b6 15.Qe3 Rb8
16.Qg3 Qxg3 17.hxg3 Rd8 18.f3 e5 19.Kf2 f6 20.Ke3 Be6 21.b3 Ra8 22.f4 Kg7
23.Nd2 Ra7 24.Rg1 Bg4 25.Nf3 Bxf3 26.gxf3 Kf7 27.fxe5 fxe5 28.f4 exf4+ 29.gxf4 Ke6
30.Rh1 h5 31.Rag1 Kf6 32.Rg5 Rg7 33.a5 b5 34.Rxc5 Rc8 35.c4 Ke6 36.b4 Kd6
37.Rg5 Rcg8 38.Kd4 Kd7 39.Rhg1 h4 40.f5 h3 41.f6  1-0

[Event "2nd Science Park Open A"]
[Site "Amsterdam NED"]
[Date "2012.07.18"]
[Round "5"]
[White "Richardson,Kei"]
[Black "Van Zetten,M"]
[Result "1/2-1/2"]
[WhiteElo "2126"]
[BlackElo "2027"]

1.e4 c5 2.Nf3 Nc6 3.Bb5 g6 4.O-O Bg7 5.c3 Nf6 6.Re1 O-O 7.d4 cxd4 8.cxd4 d5
9.e5 Ne4 10.Nc3 Nxc3 11.bxc3 Bg4 12.h3 Bxf3 13.Qxf3 Qa5 14.Bxc6 bxc6 15.a4 e6  1/2-1/2

[Event "Corporation Centre Cup A"]
[Site "Izhevsk RUS"]
[Date "2012.07.18"]
[Round "4.36"]
[White "Sadykov,Ra"]
[Black "Savchuk,V"]
[Result "1-0"]
[WhiteElo "2221"]
[BlackElo "2097"]

1.e4 c5 2.Nf3 Nc6 3.Bb5 g6 4.Bxc6 dxc6 5.h3 Bg7 6.d3 Qc7 7.Nc3 e5 8.Be3 b6
9.Qd2 Nf6 10.Nh2 Be6 11.f4 Nh5 12.f5 gxf5 13.exf5 Bd5 14.Qf2 e4 15.O-O exd3
16.Ng4 Bxc3 17.bxc3 Qg3 18.Nf6+ Nxf6 19.Qxg3 O-O-O 20.Qh4 Rhg8 21.Bg5 Rde8
22.cxd3 Ne4 23.dxe4 Rxe4 24.Rf4 Re2 25.Rf2  1-0

[Event "Turkish Bank Chess League 2012"]
[Site "Konya TUR"]
[Date "2012.07.18"]
[Round "8"]
[White "Hocalar,Ozge"]
[Black "Bal,Sevgican"]
[Result "1/2-1/2"]
[WhiteElo "1563"]
[BlackElo "1598"]

1.e4 c5 2.Nf3 Nc6 3.Bb5 e6 4.O-O Nge7 5.c3 a6 6.Bxc6 Nxc6 7.d4 d5 8.exd5 Qxd5
9.dxc5 Qxd1 10.Rxd1 Bxc5 11.Bf4 O-O 12.Nbd2 Bb6 13.Nc4 Bc5 14.Bd6 Bxd6 15.Rxd6 Re8
16.Rad1 f6 17.Nb6 Rb8 18.Nxc8 Rbxc8 19.Rd7 Rcd8 20.Kf1 e5 21.Rxd8 Rxd8 22.Rxd8+ Nxd8
23.Ke2 Kf7 24.Kd3 Ke6 25.Kc4 Kd6 26.a4 Ne6 27.b4  1/2-1/2

[Event "Turkish Bank Chess League 2012"]
[Site "Konya TUR"]
[Date "2012.07.18"]
[Round "8"]
[White "Duman,A"]
[Black "Eminov,O"]
[Result "0-1"]
[WhiteElo "2215"]
[BlackElo "2227"]

1.e4 c5 2.Nf3 Nc6 3.Bb5 g6 4.O-O Bg7 5.c3 e5 6.d4 cxd4 7.cxd4 Nxd4 8.Nxd4 exd4
9.e5 Ne7 10.Qxd4 O-O 11.Bg5 h6 12.Bf6 Nf5 13.Qf4 Bxf6 14.exf6 Qxf6 15.Nc3 d6
16.Rad1 Qe5 17.Qd2 Be6 18.Bd3 Qg7 19.Bxf5 Bxf5 20.Qxd6 Rad8 21.Qxd8 Rxd8
22.Rxd8+ Kh7 23.Re1 Qf6 24.Ree8 Be6 25.Rd1 g5 26.Red8 a6 27.R8d2 b5 28.a3 Qf5
29.f3 Qc5+ 30.Kh1 a5 31.Ne4 Qe5 32.h3 Kg7 33.Kg1 h5 34.Rc1 Qf4 35.Kf2 g4
36.hxg4 hxg4 37.Rdd1 gxf3 38.gxf3 Qh2+ 39.Ke3 Qxb2 40.Rg1+ Kf8 41.Rc7 Bf5
42.Rg5 Bxe4 43.Kxe4 Qe2+ 44.Kf4 Qh2+ 45.Rg3 Qh4+ 46.Rg4 Qf6+  0-1

[Event "5th Paleochora Open"]
[Site "Paleochora GRE"]
[Date "2012.07.18"]
[Round "4.10"]
[White "David,Alb"]
[Black "Faibisovich,V"]
[Result "1-0"]
[WhiteElo "2605"]
[BlackElo "2372"]

1.e4 c5 2.Nf3 Nc6 3.Bb5 g6 4.Bxc6 dxc6 5.d3 Bg7 6.h3 e5 7.Be3 Qe7 8.Qd2 Nf6
9.Bh6 O-O 10.Bxg7 Kxg7 11.Nc3 Ne8 12.O-O-O Nc7 13.g4 f6 14.Rdg1 Ne6 15.h4 Nd4
16.Nxd4 cxd4 17.Ne2 Bd7 18.f4 c5 19.f5 g5 20.hxg5 fxg5 21.Ng3 h6 22.Rh3 Rh8
23.Rgh1 Raf8 24.Qh2 Qd6 25.f6+ Kf7 26.Rxh6 Rxh6 27.Qxh6 Bxg4 28.Qxg5  1-0

[Event "23rd Czech Open Rapid"]
[Site "Pardubice CZE"]
[Date "2012.07.18"]
[Round "2.3"]
[White "Novikov,St1"]
[Black "Nun,Ji"]
[Result "1-0"]
[WhiteElo "2545"]
[BlackElo "2379"]

1.e4 c5 2.Nf3 Nc6 3.Bb5 e6 4.O-O Nge7 5.Re1 Ng6 6.c3 Be7 7.d4 cxd4 8.cxd4 d5
9.exd5 exd5 10.Bg5 O-O 11.Bxe7 Ncxe7 12.Nc3 Bg4 13.h3 Bxf3 14.Qxf3 Qd6 15.Ba4 Rad8
16.Bb3 a6 17.g3 b5 18.h4 b4 19.Na4 Nc6 20.Qd3 Na5 21.Nc5 Ra8 22.Re2 Nxb3
23.Qxb3 a5 24.Rae1 Ra7 25.h5 Ne7 26.Re5 h6 27.Qf3 a4 28.Nd3 a3 29.b3 Rc7
30.Nc5 Nc6 31.Rxd5 Nxd4 32.Qe4 Qf6 33.Kg2 Ne6 34.Nxe6 fxe6 35.Rd2 Rc5 36.Qxe6+ Qxe6
37.Rxe6 Rb5 38.Re7 Rxh5 39.Rb7 Ra5 40.Rxb4 Ra7 41.Rdd4 Rf6 42.Ra4 Raf7 43.Rd2 h5
44.Rxa3 h4 45.Ra4 hxg3 46.fxg3 Rc6 47.Rc4 Re6 48.b4 Ra6 49.b5 Ra3 50.b6 Rb7
51.Rb2 Ra6 52.Rcb4 Ra3 53.R4b3 Ra6 54.Kf3 Kf7 55.Rb4 Ra3+ 56.R4b3 Ra4 57.Rc3 Ke6
58.Rc7 Rxc7 59.bxc7 Rc4 60.Rb7 g5 61.a4 Kd7 62.a5 g4+ 63.Ke3 Ra4 64.Ra7 Kc8
65.a6 Rc4 66.Ra8+ Kxc7 67.Re8 Kb6 68.Re4 Rc3+ 69.Kf4 Kxa6 70.Kxg4 Kb6 71.Kf4 Kc6
72.g4 Kd6 73.g5  1-0

[Event "23rd Czech Open Rapid"]
[Site "Pardubice CZE"]
[Date "2012.07.18"]
[Round "3.13"]
[White "Savitskiy,S"]
[Black "Kononenko,Dmitry1"]
[Result "1/2-1/2"]
[WhiteElo "2367"]
[BlackElo "2608"]

1.e4 c5 2.Nf3 Nc6 3.Bb5 d6 4.d4 cxd4 5.Qxd4 Bd7 6.Bxc6 Bxc6 7.Nc3 h6 8.Be3 e5
9.Qd3 Nf6 10.O-O Be7 11.Rfd1 O-O 12.Nd2 Qb8 13.a4 Rd8 14.Nd5 Nxd5 15.exd5 Bd7
16.a5 b6 17.axb6 axb6 18.Nc4 b5 19.Nb6 Rxa1 20.Rxa1 Be8 21.Ra6 Bg5 22.Bxg5 hxg5
23.Qa3 Qc7 24.c3 Rb8 25.Qa5 e4 26.h3 f6 27.Kf1 e3 28.fxe3 Qe7 29.Kf2 Qe4
30.Ra8 Rxa8 31.Qxa8 Kh7 32.Qd8 Qc2+ 33.Kg3 Bg6 34.Nd7 Be4 35.Nxf6+ gxf6 36.Qe7+ Kg6
37.Qe8+ Kh6 38.Qf8+ Kh5 39.Qh8+ Bh7 40.Qxf6 Qe4 41.Qf3+ Kh6 42.Qf6+ Kh5 43.Qf3+ Qxf3+
44.gxf3 Bd3 45.e4 Kg6 46.h4 gxh4+ 47.Kxh4 Kf6 48.Kg4 Ke5 49.Kg3 Bc4 50.Kg4 Be2
51.Kg3 Bd3 52.Kg4 Bxe4 53.fxe4 Kxe4 54.b3 Kxd5 55.Kf3  1/2-1/2

[Event "11th Condom Open A"]
[Site "Condom FRA"]
[Date "2012.07.19"]
[Round "7.4"]
[White "Lacroix,R"]
[Black "Dgebuadze,A"]
[Result "0-1"]
[WhiteElo "2230"]
[BlackElo "2563"]

1.e4 c5 2.Nf3 Nc6 3.Bb5 d6 4.d4 cxd4 5.Nxd4 Bd7 6.c4 g6 7.Nc3 Bg7 8.Be3 Nf6
9.f3 O-O 10.Bxc6 bxc6 11.Qd2 Qc7 12.Bh6 Rab8 13.Bxg7 Kxg7 14.b3 e5 15.Nc2 Be6
16.Ne3 Rfd8 17.Rd1 Qb6 18.Na4 Qa6 19.Nc3 Rd7 20.O-O Qb6 21.Kh1 Qd8 22.Qd3 Kg8
23.Rf2 Qf8 24.Rfd2 Qh6 25.Qe2 Nh5 26.Qf2 Rbd8 27.c5 dxc5 28.Rxd7 Rxd7 29.Rxd7 Bxd7
30.Na4 c4 31.bxc4 Be6 32.Qd2 Qf8 33.c5 Nf6 34.a3 Bb3 35.Nb2 Qxc5 36.Nd3 Qd4
37.h4 Nh5 38.Kh2 Nf4 39.Qb4 Nxd3 40.Qb8+ Kg7  0-1

[Event "ch-SUI Hauptturnier 1 2012"]
[Site "Flims SUI"]
[Date "2012.07.19"]
[Round "8"]
[White "Gara,A"]
[Black "Kelecevic,N"]
[Result "1/2-1/2"]
[WhiteElo "2312"]
[BlackElo "2251"]

1.e4 c5 2.Nf3 Nc6 3.Bb5 d6 4.O-O Bd7 5.Re1 a6 6.Bf1 Bg4 7.h3 Bxf3 8.Qxf3 g6
9.c3 Bg7 10.a4 Nf6 11.Na3 O-O 12.Nc2 Nd7 13.d3 Qb6 14.Qe2 Rae8 15.Ne3 Qd8
16.f4 e6 17.Qf2 f5 18.g3 Nf6 19.Bg2 d5 20.e5 Nd7 21.Nc2 Kh8 22.Be3 Qe7 23.Rab1 g5
24.b4 gxf4 25.gxf4 cxb4 26.cxb4 Rc8 27.b5 axb5 28.Rxb5 Nd8 29.Bc1 Rg8 30.Ba3 Qf7
31.Nd4 Rc3 32.Rb3 Rxb3 33.Nxb3 Bf8 34.Bd6 Nc6 35.Kh1 Qg6 36.Re3 Be7 37.Bxe7 Nxe7
38.Kh2 Qh6 39.Nd4 Nc5 40.Nb5 Nxa4 41.Nd6 Rf8 42.Nxb7 Ng6 43.Rf3 Nh4 44.Rg3 Ng6
45.Rg5 Qh4 46.Qxh4 Nxh4 47.Kg3 h6 48.Rh5 Nxg2 49.Rxh6+ Kg7 50.Rxe6 Ne1 51.Rd6 Nxd3
52.Rxd5 Rb8 53.Nd6 Ndc5 54.Nxf5+ Kf7 55.Nd4 Nc3 56.e6+ Nxe6 57.Rd7+ Kf6 58.Nxe6 Kxe6  1/2-1/2

[Event "GER-POL w Match 2012"]
[Site "Gladenbach GER"]
[Date "2012.07.19"]
[Round "3.2"]
[White "Melamed,T"]
[Black "Toma,K"]
[Result "1-0"]
[WhiteElo "2341"]
[BlackElo "2303"]

1.e4 c5 2.Nf3 Nc6 3.Bb5 g6 4.Bxc6 dxc6 5.d3 Bg7 6.h3 Nf6 7.Nc3 Nd7 8.Be3 e5
9.Qd2 h6 10.O-O Qe7 11.a3 Nf8 12.b4 Ne6 13.Na4 b6 14.Nh2 g5 15.bxc5 b5 16.Nc3 h5
17.Ne2 g4 18.Ng3 Nf4 19.h4 Qxh4 20.d4 Nxg2 21.Bg5 Qh3 22.dxe5 O-O 23.Bf6 Nh4
24.Bxh4 Qxh4 25.Qf4 Re8 26.e6 Bxe6 27.Rad1 Bc4 28.Nf5 Qf6 29.Rd6 Qe5 30.Qg5 g3
31.Nf3 gxf2+ 32.Rxf2 Qa1+ 33.Kh2 Rxe4 34.Rg2 Kf8 35.Rd8+ Re8 36.Qe7+  1-0

[Event "5th Paleochora Open"]
[Site "Paleochora GRE"]
[Date "2012.07.19"]
[Round "5.20"]
[White "Fruteau,S"]
[Black "Videnova,I"]
[Result "0-1"]
[WhiteElo "2100"]
[BlackElo "2328"]

1.e4 c5 2.Nf3 Nc6 3.Bb5 Nf6 4.Bxc6 dxc6 5.d3 Bg4 6.h3 Bh5 7.Nbd2 Nd7 8.b3 e5
9.Bb2 f6 10.Nc4 Qc7 11.a4 Bf7 12.Nfd2 h5 13.h4 Be7 14.Ne3 g6 15.Qe2 Nf8 16.g3 Ne6
17.Qd1 a5 18.Bc3 Nd4 19.Ndc4 b6 20.Bd2 Rd8 21.O-O Rb8 22.Kg2 Qd7 23.Rh1 Ne6
24.Nf1 Bd8 25.Bc3 Nd4 26.Nfe3 Bc7 27.Bd2 Rd8 28.Bc3 f5 29.exf5 gxf5 30.Re1 Kf8
31.f3 f4 32.Nf1 Qf5 33.Ncd2  0-1

[Event "23rd Czech Open Rapid"]
[Site "Pardubice CZE"]
[Date "2012.07.19"]
[Round "5.6"]
[White "Velicka,P"]
[Black "Kononenko,Dmitry1"]
[Result "0-1"]
[WhiteElo "2462"]
[BlackElo "2608"]

1.e4 c5 2.Nf3 Nc6 3.Bb5 d6 4.Bxc6+ bxc6 5.O-O Bg4 6.d3 Nf6 7.Nbd2 e6 8.h3 Bh5
9.e5 Nd5 10.exd6 Bxd6 11.Ne4 O-O 12.Bd2 e5 13.Ng3 Bg6 14.Re1 Re8 15.h4 h6
16.h5 Bh7 17.Ne4 Bf8 18.Bc3 f5 19.Ng3 e4 20.dxe4 fxe4 21.Nh2 e3 22.fxe3 Nxe3
23.Qf3 Nxc2 24.Rxe8 Qxe8 25.Rd1 Nd4 26.Qf2 Rd8 27.Re1 Qd7 28.Nf3 Qd5 29.Ne5 Bd6
30.Ng6 Bxg6 31.hxg6 Rf8 32.Qe3 Nc2 33.Qe6+ Qxe6 34.Rxe6 Bxg3 35.Re7 Nd4  0-1

[Event "23rd Czech Open A"]
[Site "Pardubice CZE"]
[Date "2012.07.20"]
[Round "1.45"]
[White "Rasik,V"]
[Black "Eschholz,E"]
[Result "1-0"]
[WhiteElo "2491"]
[BlackElo "2255"]

1.e4 c5 2.Nf3 Nc6 3.Bb5 Nd4 4.Nxd4 cxd4 5.O-O g6 6.c3 a6 7.Ba4 b5 8.Bb3 Bb7
9.Re1 Bg7 10.a4 Qb6 11.axb5 axb5 12.Rxa8+ Bxa8 13.d3 e6 14.cxd4 Bxd4 15.Qe2 Nf6
16.Nd2 Ng4 17.Rf1 Nxf2 18.Rxf2 Bxf2+ 19.Qxf2 Qc6 20.Qf1 O-O 21.Nf3 f5 22.Bh6 Rc8
23.Qf2 Qd6 24.exf5 gxf5 25.Qh4 Rc1+ 26.Kf2  1-0

[Event "7th Nana Aleksandria Cup"]
[Site "Poti GEO"]
[Date "2012.07.20"]
[Round "9.6"]
[White "Beradze,I"]
[Black "Iskandarov,M"]
[Result "0-1"]
[WhiteElo "2327"]
[BlackElo "2384"]

1.e4 c5 2.Nf3 Nc6 3.Bb5 g6 4.O-O Bg7 5.Re1 e5 6.Bxc6 bxc6 7.d3 Ne7 8.c3 O-O
9.Be3 d6 10.d4 cxd4 11.cxd4 Bg4 12.dxe5 Bxe5 13.Nc3 Rb8 14.Qd2 Bxf3 15.gxf3 Qd7
16.Bd4 Rxb2 17.Qxb2 Bxd4 18.Qd2 Be5 19.Kg2 g5 20.Ne2 h6 21.Ng3 Bxa1 22.Rxa1 f5
23.f4 Qe6 24.Rd1 d5 25.e5 gxf4 26.Qxf4 Ng6 27.Qxh6 f4 28.Rd3 Rf7 29.Kg1 fxg3
30.Rxg3 Rg7 31.Rg5 Qf7 32.Kf1 d4 33.Qh3 Qc4+  0-1

[Event "2nd Science Park Open A"]
[Site "Amsterdam NED"]
[Date "2012.07.21"]
[Round "8"]
[White "Punt,R"]
[Black "Diaz Herrero,A"]
[Result "1/2-1/2"]
[WhiteElo "2141"]
[BlackElo "2137"]

1.e4 c5 2.Nf3 Nc6 3.Bb5 g6 4.O-O Bg7 5.c3 Qb6 6.Na3 d6 7.Qe2 Bd7 8.Nc4 Qc7
9.Ne3 Nf6 10.Nd5 Nxd5 11.exd5 Ne5 12.Nxe5 Bxe5 13.Bxd7+ Qxd7 14.d3 O-O 15.Bg5 Rfe8
16.a4 Qf5 17.Be3 Bg7 18.c4 e6 19.dxe6 Rxe6 20.Qd2 d5 21.cxd5 Qxd5 22.Rac1 Rc6
23.b4 Bd4 24.Rc4 Bxe3 25.Qxe3 cxb4 26.Rxb4 Rd6 27.Qe4 b6 28.Qxd5 Rxd5 29.Rd1 Rc8
30.g3 Rc3 31.d4 Rc2 32.Rd3 Kg7 33.Kg2 f5 34.Re3 Rc7 35.Re8 Rcd7 36.Ra8 Kf6
37.h4 Ke6 38.Rc4 Ra5 39.Kf3 Kd5 40.Rac8 Re7 41.Rb4 Kd6 42.Rbc4 Kd5 43.Rb4  1/2-1/2

[Event "Helmut-Kohls-Turnier 2012"]
[Site "Dortmund GER"]
[Date "2012.07.21"]
[Round "8"]
[White "Orlov,And"]
[Black "Meins,G"]
[Result "1-0"]
[WhiteElo "2527"]
[BlackElo "2475"]

1.e4 c5 2.Nf3 Nc6 3.Bb5 g6 4.Bxc6 dxc6 5.h3 Bg7 6.d3 Nf6 7.Nc3 Nd7 8.Be3 e5
9.Qd2 Qe7 10.O-O Nf8 11.Bh6 f6 12.Bxg7 Qxg7 13.Nh2 Ne6 14.Ne2 g5 15.Ng4 Nf4
16.Ne3 Be6 17.Ng3 O-O 18.Ngf5 Qd7 19.b3 Kh8 20.Kh2 Ng6 21.a3 a5 22.a4 b6
23.g3 Ne7 24.Nxe7 Qxe7 25.Kg2 Rad8 26.Qe2 Rg8 27.Rh1 Qf7 28.g4 Kg7 29.h4 Kf8
30.Rag1 h5 31.Kf1 hxg4 32.Nxg4 gxh4 33.Rxh4 Ke7 34.Qf3 Rg6 35.Rgh1 Bxg4 36.Rxg4 Rdg8
37.Rgh4 Kd6 38.Qf5 Qe6 39.Qxe6+ Kxe6 40.Rh7 R8g7 41.Rxg7 Rxg7 42.Rh8 Kd6
43.Rd8+ Kc7 44.Rf8 Rg6 45.Rf7+ Kd6 46.c4 Rh6 47.Ke2 Rg6 48.Rb7 Rg1 49.Rf7 Ke6
50.Rb7 Kd6 51.Rxb6 Kc7 52.Ra6 Kb7 53.Rxa5 Rb1 54.f4 exf4 55.Rxc5 Rb2+ 56.Ke1 Rxb3
57.Kd2  1-0

[Event "GER-POL w Match 2012"]
[Site "Gladenbach GER"]
[Date "2012.07.21"]
[Round "5.5"]
[White "Klek,H"]
[Black "Toma,K"]
[Result "1-0"]
[WhiteElo "2238"]
[BlackElo "2303"]

1.e4 c5 2.Nf3 Nc6 3.Bb5 d6 4.O-O Bd7 5.c3 a6 6.Ba4 Nf6 7.Qe2 e6 8.d4 cxd4
9.cxd4 d5 10.exd5 Nxd5 11.Nc3 Nxc3 12.bxc3 Be7 13.Re1 Qa5 14.Bb3 O-O 15.Qe4 Rac8
16.Bd2 Bf6 17.Rab1 b5 18.c4 Qb6 19.Be3 Na5 20.Bc2 g6 21.c5 Qb7 22.Qf4 Bg7
23.Ng5 Nc4 24.Qh4 h6 25.Ne4 f5 26.Nd2 Nxd2 27.Bxd2 g5 28.Qh3 g4 29.Qd3 Qd5
30.Bb3 Qxd4 31.Qxd4 Bxd4 32.Bxh6 Rf6 33.Bg5 Rg6 34.Rbd1 Bxc5 35.Bf4 Rg7 36.Rxd7 Rxd7
37.Bxe6+ Kf8 38.Bxd7  1-0

[Event "30th Andorra Open"]
[Site "Andorra la Vella AND"]
[Date "2012.07.22"]
[Round "2.12"]
[White "Szabo,Krisz1"]
[Black "Sanchez Jerez,E"]
[Result "1/2-1/2"]
[WhiteElo "2548"]
[BlackElo "2233"]

1.e4 c5 2.Nf3 Nc6 3.Bb5 g6 4.Bxc6 bxc6 5.O-O Bg7 6.Re1 e5 7.c3 Qb6 8.Na3 Ba6
9.Qa4 Bb5 10.Nxb5 cxb5 11.Qb3 Ne7 12.a4 b4 13.d3 bxc3 14.Qxc3 O-O 15.Be3 d6
16.Nd2 Nc6 17.Nc4 Qd8 18.Qd2 Rb8 19.Rac1 Re8 20.Qe2 Bf8 21.f4 exf4 22.Bxf4 Rb4
23.Qf2 Nd4 24.Rf1 Rb7 25.Rce1 Re6 26.Kh1 Bg7 27.Bd2 Be5 28.Bc3 Rf6 29.Qd2 Rxf1+
30.Rxf1 Qh4 31.Nxe5 dxe5 32.b4 cxb4 33.Bxb4 Ne2 34.Qxe2  1/2-1/2

[Event "ch-PHI Grand Final 2012"]
[Site "Boracay PHI"]
[Date "2012.07.22"]
[Round "10.3"]
[White "Senador,E"]
[Black "Pascua,H"]
[Result "1/2-1/2"]
[WhiteElo "2353"]
[BlackElo "2310"]

1.e4 c5 2.Nf3 Nc6 3.Bb5 Nf6 4.e5 Nd5 5.Nc3 Nc7 6.Bc4 d5 7.exd6 exd6 8.d4 d5
9.Be2 Bg4 10.dxc5 Bxc5 11.O-O O-O 12.Bf4 Bd6 13.Qd2 Bf5 14.Bg5 Be7 15.Be3 Bf6
16.Rad1 Qe7 17.Rfe1 Rfe8 18.Bd3 Bxd3 19.Qxd3 Qb4 20.Bd2 Qc4 21.Qf5 Ne7 22.Qh3 Ne6
23.Rc1 Rad8 24.b3 Qc6 25.Nd1 d4 26.Nb2 Ng6 27.Nd3 Nc5 28.Qf5 Ne4 29.Nb4 Qe6
30.Qb5 Qd7 31.Qxd7 Rxd7 32.Nd3 b6 33.Re2 Nd6 34.Rxe8+ Nxe8 35.a4 Nc7 36.a5 Nd5
37.axb6 axb6 38.Ra1 Kf8 39.Ra4 Nc3 40.Ra6 b5 41.Kf1 Rc7 42.Nb4 Rc8 43.Bxc3 dxc3  1/2-1/2

[Event "XIV ch-Gdansk Int 2012"]
[Site "Gdansk POL"]
[Date "2012.07.22"]
[Round "1.23"]
[White "Stovring,C"]
[Black "Zaytseva,K"]
[Result "1-0"]
[WhiteElo "2013"]
[BlackElo "1643"]

1.e4 c5 2.Nf3 Nc6 3.Bb5 g6 4.O-O Bg7 5.Re1 Nf6 6.Nc3 a6 7.Bxc6 bxc6 8.e5 Nd5
9.Ne4 Qb6 10.d3 O-O 11.c4 Nc7 12.Bg5 Re8 13.Qd2 Ne6 14.Bh6 Nd4 15.Nxd4 cxd4
16.Qf4 c5 17.Nf6+ exf6 18.exf6 Rxe1+ 19.Rxe1 Bb7 20.Bxg7 Qa5 21.Qe5 Qd8 22.Qxc5 d6
23.Qxd4 Qd7 24.Kf1 Qc6 25.f3 Rd8 26.Qf4 Qa4 27.Qh6 Qc2 28.Bh8 Qxd3+ 29.Kg1  1-0

[Event "XIV ch-Gdansk Int 2012"]
[Site "Gdansk POL"]
[Date "2012.07.22"]
[Round "2.19"]
[White "Strzemiecki,Z"]
[Black "Badyra,Wasyl"]
[Result "1-0"]
[WhiteElo "2433"]
[BlackElo "1650"]

1.e4 c5 2.Nf3 Nc6 3.Bb5 g6 4.Bxc6 dxc6 5.h3 Bg7 6.d3 Qa5+ 7.Nbd2 Nf6 8.O-O O-O
9.Nb3 Qb5 10.a4 Qb6 11.a5 Qc7 12.Nxc5 Bd7 13.Be3 b6 14.Na4 c5 15.axb6 axb6
16.Nc3 Bc6 17.Qd2 Rfd8 18.Rxa8 Rxa8 19.Bh6 Bh8 20.Bf4 Qd8 21.Be3 Ra7 22.Nh2 Rd7
23.Qe2 Ne8 24.f4 Bxc3 25.bxc3 c4 26.Bd4 cxd3 27.cxd3 Bb5 28.Ng4 h5 29.Ne5 Rd6
30.Rb1 Nc7 31.Qf2 Kf8 32.f5 g5 33.Qe3 f6 34.Nf3 e5 35.fxe6 Rxe6 36.c4  1-0

[Event "23rd Czech Open A"]
[Site "Pardubice CZE"]
[Date "2012.07.22"]
[Round "3.68"]
[White "Jeitz,C"]
[Black "Lerch,Pa"]
[Result "0-1"]
[WhiteElo "2212"]
[BlackElo "2391"]

1.e4 c5 2.Nf3 Nc6 3.Bb5 e6 4.O-O Nge7 5.b3 Ng6 6.Bb2 Qc7 7.Bxc6 bxc6 8.d4 cxd4
9.Nxd4 Bd6 10.Nf3 O-O 11.Re1 a5 12.Nbd2 Bb4 13.a3 Be7 14.e5 a4 15.b4 c5 16.c4 Bb7
17.b5 f6 18.exf6 Bxf6 19.Qc2 Bxb2 20.Qxb2 Rf5 21.Re3 Raf8 22.Rae1 Nf4 23.Qc2 Qa5
24.Re5 R5f6 25.Rxc5 Nxg2 26.Kxg2 Rxf3 27.Nxf3 Qxe1 28.Rd5 Rxf3 29.Kxf3 exd5
30.cxd5 Bxd5+ 31.Kf4 Bb7 32.Qc4+ Kf8 33.Qc5+ Qe7  0-1

[Event "23rd Czech Open A"]
[Site "Pardubice CZE"]
[Date "2012.07.22"]
[Round "3.56"]
[White "Pfretzschner,R"]
[Black "Potapov,P"]
[Result "0-1"]
[WhiteElo "2264"]
[BlackElo "2458"]

1.e4 c5 2.Nf3 Nc6 3.Bb5 g6 4.Bxc6 bxc6 5.O-O Bg7 6.Re1 Nh6 7.c3 O-O 8.d4 Qb6
9.h3 f6 10.Qc2 d6 11.Be3 cxd4 12.cxd4 Nf7 13.Nc3 Qd8 14.Rad1 Bd7 15.b3 Qe8
16.Ne2 h6 17.Nh4 Nh8 18.Ng3 e6 19.Bc1 g5 20.Nf3 Qg6 21.Ba3 Nf7 22.Qe2 Rfe8
23.Nd2 f5 24.exf5 exf5 25.Qd3 h5 26.Nf3 h4 27.Nf1 Qf6 28.Ne3 Re4 29.Bb2 Rae8
30.Nd2 R4e7 31.Nc2 g4 32.Rxe7 Rxe7 33.Re1 Rxe1+ 34.Nxe1 Ng5 35.hxg4 fxg4
36.Nc4 h3 37.d5 Qe7 38.Qe3 Qxe3 39.fxe3 cxd5 40.Bxg7 dxc4 41.Bd4 cxb3 42.axb3 a6
43.gxh3 gxh3 44.Bf6 Ne4 45.Bh4 Nd2 46.b4 Bf5 47.Bg3 d5 48.Bf4 Kf7 49.Kf2 Ne4+
50.Kg1 Nc3 51.Kh2 Be4 52.Kxh3 Ke6 53.Bh6 Ke7 54.Bg5+ Kd7 55.Bh6 Kc6 56.Kg3 Kb5
57.Bf8 Na2 58.Nf3 Nxb4 59.Nd4+ Kc4 60.Kf2 a5 61.Ke2 a4 62.Kd2 a3 63.Kc1 Bh7
64.Be7 Na2+ 65.Kd2 Nc3 66.Nc2 a2 67.Na1 Bb1 68.Bf8 Ne4+ 69.Ke2 Ng3+ 70.Kd1 Nf1
71.Ke2 Bd3+ 72.Kf2 Kc3 73.Bg7+ Kd2 74.Bd4 Bc4 75.Bb6 Kd1 76.Kf3 Nd2+ 77.Kf4 Nb3
78.Nxb3 Bxb3 79.Bd4 Bc2 80.Ke5 Be4  0-1

[Event "XXI TCh-MKD 2012"]
[Site "Struga MKD"]
[Date "2012.07.22"]
[Round "7.3"]
[White "Kacakovski,D"]
[Black "Kiroski,T"]
[Result "0-1"]
[WhiteElo "2122"]
[BlackElo "2340"]

1.e4 c5 2.Nf3 Nc6 3.Bb5 g6 4.Bxc6 dxc6 5.d3 Bg7 6.h3 Nf6 7.Nc3 Nd7 8.Be3 e5
9.Qd2 Qe7 10.Bh6 Bxh6 11.Qxh6 f6 12.Nh2 Nf8 13.f4 exf4 14.Qxf4 Ne6 15.Qd2 Nd4
16.O-O-O Be6 17.e5 f5 18.b3 O-O-O 19.Nf3 c4 20.Kb2 Qc5 21.Na4 Qe7 22.Nxd4 Rxd4
23.Qa5 b5 24.Nb6+ Kb7 25.Nxc4 bxc4 26.bxc4 Qc7 27.Qc3 c5 28.Rhe1 Ka8 29.Ka1 Rb8
30.Qa3 Rd7 31.c3 Rbd8 32.Qa6 Qb6 33.Qa4 Qc7 34.Re3 Qb7 35.g3 Rb8 36.Re2 Rxd3  0-1

[Event "ch-AUT 2012"]
[Site "Zwettl AUT"]
[Date "2012.07.22"]
[Round "2.23"]
[White "Kammerer,R"]
[Black "Titz,Hei"]
[Result "1-0"]
[WhiteElo "2085"]
[BlackElo "2191"]

1.e4 c5 2.Nf3 Nc6 3.Bb5 g6 4.O-O Bg7 5.c3 Nf6 6.Re1 O-O 7.d4 cxd4 8.cxd4 d5
9.Bxc6 bxc6 10.e5 Ne4 11.Nc3 Nxc3 12.bxc3 Bg4 13.h3 Bxf3 14.Qxf3 Qa5 15.a4 Rfe8
16.Ba3 Qxa4 17.Bxe7 Qc4 18.Reb1 a5 19.Rb7 Qa6 20.Rab1 Ra7 21.R7b6 Qc8 22.Bd6 Ra8
23.Rb7 Qe6 24.R1b6 Rec8 25.Re7 Qf5 26.Qxf5 gxf5 27.Rbb7 Bf8 28.Rxf7 Bxd6
29.exd6 a4 30.Rg7+ Kh8 31.Rxh7+ Kg8 32.Rhc7 Rd8 33.Ra7 Rxa7 34.Rxa7 Rxd6
35.Rxa4 Kf7 36.Ra7+ Kf6 37.f4  1-0

[Event "ch-PHI Grand Final 2012"]
[Site "Boracay PHI"]
[Date "2012.07.23"]
[Round "12.4"]
[White "Antonio,R"]
[Black "Pascua,H"]
[Result "0-1"]
[WhiteElo "2548"]
[BlackElo "2310"]

1.e4 c5 2.Nf3 Nc6 3.Bb5 g6 4.O-O Bg7 5.c3 e5 6.Na3 Nge7 7.Nc4 O-O 8.d4 cxd4
9.cxd4 d5 10.Bxc6 bxc6 11.exd5 exd4 12.dxc6 Qd5 13.b3 Nxc6 14.Bb2 Rd8 15.Re1 Bf5
16.Qd2 Bg4 17.Qf4 Bxf3 18.gxf3 Re8 19.Kg2 Re6 20.Rxe6 fxe6 21.Re1 e5 22.Qe4 Qxe4
23.Rxe4 g5 24.Bc1 h6 25.h4 gxh4 26.Rxh4 Ne7 27.Rg4 Kh7 28.f4 exf4 29.Rxf4 Rf8
30.Rxf8 Bxf8 31.Kf3 Nd5 32.a3 Nc3 33.b4 Be7 34.Bf4 Bf6 35.Nd6 Kg6 36.Ne4 h5
37.Bb8 a6 38.Nc5 Kf5 39.Bf4 Be5 40.Bxe5 Kxe5 41.Nxa6 d3 42.Nc5 d2 43.Nd3+ Kd4
44.Nb2 Na4 45.Nd1 Kd3 46.b5 Nc3 47.Ne3 Nxb5 48.a4 Nd4+ 49.Kf4 h4 50.a5 h3  0-1

[Event "5th Paleochora Open"]
[Site "Paleochora GRE"]
[Date "2012.07.23"]
[Round "9.11"]
[White "David,Alb"]
[Black "Stany,G"]
[Result "1-0"]
[WhiteElo "2605"]
[BlackElo "2393"]

1.e4 c5 2.Nf3 Nc6 3.Bb5 g6 4.Bxc6 dxc6 5.d3 Bg7 6.h3 b6 7.O-O Nh6 8.a4 f6
9.a5 Ba6 10.Be3 Nf7 11.Nc3 O-O 12.Qb1 Kh8 13.Ra3 e5 14.Qa2 Bb7 15.axb6 axb6
16.Rxa8 Bxa8 17.Qa7 Qb8 18.Ra1 Nd6 19.Ra6 Qxa7 20.Rxa7 Nb5 21.Ra6 Nxc3 22.bxc3 Rb8
23.Nd2 Bf8 24.Nc4 b5 25.Na5 Rc8 26.c4 f5 27.f3 Kg8 28.Kf1 fxe4 29.fxe4 Be7
30.Ra7 Bd8 31.Nb3 bxc4 32.dxc4 Bb6 33.Re7 Bc7 34.Bh6 Bd6 35.Rg7+ Kh8 36.Rd7 Bc7
37.Nxc5 Bb6 38.Ne6 Re8 39.Ng5 Be3 40.Rxh7+  1-0